000 00850nam a2200229 4500
003 CO-ViMGA
020 _a9789583031830
040 _aCO-ViMGA
_bspa
_cCO-ViMGA
082 0 4 _aI550
_bT19p
100 1 _aTaylor, Barbara
_9153
245 1 0 _aPlaneta tierra /
_cBarbara Taylor ; traductor María José Montoya Durana. - Editor Diana López de Mesa.
260 _aBogotá :
_bPanamericana Editorial,
_c2009.
300 _a48 p. : il. ;
_b28 cm.
490 _a(colección navegantes )
650 1 4 _aCiencias de la tierra
_xLiteratura juvenil
_99304
650 1 4 _aGeografía Física
_xLiteratura juvenil
_99303
650 1 4 _aGeología
_xLiteratura juvenil
_99302
650 1 4 _aTierra
_vHistoria
_xLiteratura juvenil
_99301
700 1 _aLópez de Mesa, Diana,
_eed.
_99306
700 1 _aMontoya Durana, María José,
_etr.
_99305
942 _2ddc
_cBK
999 _c11177
_d11177